| 000 | 00400nam a2200145Ia 4500 | ||
|---|---|---|---|
| 008 | 230917s9999||||xx |||||||||||||| ||und|| | ||
| 040 |
_e64547 _aMAIN |
||
| 041 | _aEnglish | ||
| 082 | _a320.509 K146S | ||
| 100 | _aKariel, Henry S | ||
| 245 | 0 | _aIn search of authority: Twentieth century political thought | |
| 260 |
_aGlencoe _bFree Press of Glencoe _c1964 |
||
| 300 | _axii, 258 p. | ||
| 942 | _cBK | ||
| 999 |
_c227256 _d227256 |
||